| 000 | 00892cam a2200277 4500 | ||
|---|---|---|---|
| 001 | 31157 | ||
| 003 | BD-RjUL | ||
| 005 | 20211209051651.0 | ||
| 008 | 140413s1973 enkaeh b 001 0beng | ||
| 020 | _a0399110461 (G. P. Putnam's Sons) | ||
| 035 | _a(BD-RjUL)31244 | ||
| 040 |
_aDLC _cDLC _dDLC _dBD-RjUL _beng |
||
| 041 | _aeng | ||
| 082 | 0 | 0 |
_a914.20337 _bHAE 1973 |
| 100 | 1 |
_aHart, Roger, _d1941- _994756 |
|
| 245 | 1 | 0 |
_aEnglish life in Chaucer's day / _cRoger, Hart |
| 260 |
_aLondon ; _bWayland ; _aNew York : _bG. P. Putnam's Sons, _c1973. |
||
| 300 |
_a30-128 p. : _bill. ; _c29 cm. |
||
| 350 | _a£2.95 | ||
| 504 | _aIncludes Bibliography: p. 125 and index. | ||
| 600 | 1 | 0 |
_aChaucer, Geoffrey, _d-1400 _xHomes and haunts _zEngland. _994764 |
| 651 | 0 |
_aEngland _xSocial life and customs _y1066-1485. _994758 |
|
| 942 |
_2ddc _cBK |
||
| 999 |
_c31157 _d31157 |
||